00340 a2200109 4500001001000000005001700010008004100027245004900068100002400117773007200141999001700213ART_1200220260410161902.0260409a 10aSelf-selection and pareto efficient taxation1 aStiglitz, Joseph E.0 tJournal of public economicsg- Vol. 17, NÂș 2 (mar. 1982)wREV11485 c25994d25994